[Event "XXXII Belgrade Trophy 2018"]
[Site "Belgrade"]
[Date "2018.11.24"]
[Round "1"]
[White "Blagojevic, Dragisa"]
[Black "Mitic, Miroslav"]
[Result "1-0"]
[WhiteElo "2494"]
[BlackElo "2007"]
[Annotator "TA"]
[PlyCount "103"]
[EventDate "2018.11.24"]
[EventType "swiss"]
[EventCountry "SRB"]
[SourceTitle "playchess.com"]
[Source "ChessBase"]
[SourceQuality "1"]

{[%evp 14,103,39,39,55,40,43,38,53,48,73,73,62,52,42,32,51,36,69,39,43,35,49,43,41,38,56,57,57,56,50,42,85,81,87,83,82,76,85,84,89,92,116,83,76,29,35,35,89,99,331,30,50,26,47,44,65,65,65,65,66,40,40,40,72,75,87,72,85,64,95,96,144,75,96,32,54,25,32,32,59,32,49,8,14,8,8,8,8,8,29987,29988]} 1. d4 Nf6 2. c4 e5 3. dxe5 Ng4 4. e3 Nxe5 5. Nh3 Nbc6 6. Nf4 {A52: Budapest Gambit} Bb4+ 7. Bd2 Bxd2+ 8. Qxd2 {LiveBook: 3 Games. White is slightly better.} O-O 9. Nc3 d6 10. Be2 a6 $146 ({Predecessor:} 10... Ne7 11. O-O N7g6 12. Rad1 Nxf4 13. exf4 Nd7 14. Bf3 a5 15. Ne4 Qh4 16. g3 Qh6 17. Rfe1 {½-½ (41) Sakaev,K (2594)-Shcherbakov,R (2516) Sochi 2016}) 11. O-O Ng6 12. Nxg6 hxg6 13. Rfd1 Rb8 14. Rac1 Be6 15. Nd5 b6 16. b4 a5 17. a3 axb4 18. axb4 Re8 19. Qc3 g5 20. h3 Ne5 {Threatening ...c6.} 21. c5 bxc5 22. bxc5 Bxd5 23. Rxd5 Qf6 24. cxd6 cxd6 25. Qc7 Rbd8 26. Rcd1 {[%cal Rd5d6]} Rd7 27. Qa5 {And now Bb5 would win.} Re6 28. Qd2 {aiming for f4.} Rd8 29. f4 gxf4 30. exf4 Nc6 {[#]} (30... Ng6 $1 $14 31. Bg4 (31. f5 Rxe2 {[%mdl 64] Decoy} 32. Qxe2 Nf4 $11 {[%mdl 64] Double Attack}) 31... Re4) 31. Bg4 $1 $16 {[%cal Rg4e6]} Re4 $2 (31... Ree8 $16 {was worth a try.}) 32. g3 $2 ({And not} 32. Rxd6 Rxd6 33. Qxd6 Rxf4 $11) (32. Qc2 $18 Qxf4 33. Qxc6) 32... g6 33. Bf3 Rc4 34. Rxd6 Rxd6 35. Qxd6 Qxd6 36. Rxd6 $14 {[%mdl 4096] Endgame KRB-KRN} Ne7 37. Rd2 Rc3 38. Kf2 Kg7 39. g4 Ra3 40. Re2 Kf8 41. h4 Rc3 42. Ra2 Nc6 {[#]} 43. Ra4 ({White should play} 43. Ra8+ $1 Kg7 44. Rc8 Rc2+ 45. Ke1) 43... Kg7 44. g5 (44. Be4 $16) 44... Ne7 45. Ra7 Kf8 46. h5 gxh5 47. Bxh5 {Hoping for f5!} Rc5 48. Kf3 f6 49. gxf6 Rxh5 50. fxe7+ Ke8 51. Kg4 Rh7 $2 {[%mdl 8192]} (51... Rh6 $11) 52. Ra8+ {Accuracy: White = 40%, Black = 41%.} 1-0

[Event "XXXII Belgrade Trophy 2018"]
[Site "Belgrade"]
[Date "2018.11.24"]
[Round "1"]
[White "Sanal, Vahap"]
[Black "Petrovic, Aleksa"]
[Result "1-0"]
[WhiteElo "2485"]
[BlackElo "1999"]
[Annotator "TA"]
[PlyCount "79"]
[EventDate "2018.11.24"]
[EventType "swiss"]
[EventCountry "SRB"]
[SourceTitle "playchess.com"]
[Source "ChessBase"]
[SourceQuality "1"]

{[%evp 11,79,27,53,49,50,42,59,50,58,62,66,52,74,74,71,66,69,71,69,-7,-7,0,0,-14,0,0,9,0,53,66,97,87,118,115,96,76,130,134,164,0,264,253,333,320,346,349,383,373,367,346,565,559,566,558,754,732,722,708,753,764,678,717,1852,1155,1268,1236,4656,3489,2653,2575]} 1. e4 c5 2. Nf3 d6 3. Bb5+ Bd7 4. Bxd7+ Nxd7 5. c4 g6 (5... Ngf6 6. Nc3 Rc8 7. d4 cxd4 8. Qxd4 a6 9. b3 g6 10. O-O Bg7 11. Bb2 Qa5 12. Rfe1 O-O 13. Nd5 Rfe8 14. Bc3 {0-1 (33) Van Foreest,J (2584)-Yu,Y (2738) Moscow 2017}) 6. Nc3 {B52: Sicilian: Moscow Variation with 3...Bd7} e5 {LiveBook: 3 Games} 7. d3 Ne7 $146 {[%cal Bg8e7,Be7c6,Bc6d4][%mdl 32]} ({Predecessor:} 7... Bg7 8. O-O Ne7 9. Ne1 O-O 10. Nc2 f5 11. f3 Rf7 12. Rb1 Qf8 13. b4 {1-0 (52) Defibaugh,J (2178)-Meyer,J (2284) Arlington 2011}) 8. a3 {White is slightly better.} a6 9. b4 Nc6 10. Rb1 Rb8 11. h4 {[%cal Bh2h4,Bh4h5][%mdl 32]} h6 12. h5 g5 13. Nh2 Nd4 14. Be3 Bg7 15. g4 ({White should try} 15. Nf1 $14) 15... O-O $11 16. Nf1 b5 17. Nd2 cxb4 (17... Nf6 {is interesting.} 18. O-O Qd7 19. f3 Rfc8 20. Kg2 Ne6) 18. axb4 bxc4 19. dxc4 a5 ({Better is} 19... Nb6 $11) 20. b5 $1 $14 Nc5 21. O-O {[%cal Bh1f1,Bf1f2,Bf2a2][%mdl 32]} Qd7 22. f3 Ra8 23. Rf2 a4 (23... Nd3 $142) 24. Nf1 $16 a3 25. Bc1 $2 {[#]} (25. Ng3 $18) 25... Qe6 $2 {[%mdl 8192]} (25... f5 $1 $11 26. exf5 Qb7) 26. Ne3 $18 Bf6 27. Ra2 Bd8 28. Ncd5 ({Much less strong is} 28. Bxa3 Nd7 $18) 28... Nd7 29. Rxa3 Bb6 30. Ra6 Rxa6 $2 (30... Rab8 {might work better.} 31. Kg2 Bc5) 31. bxa6 {[%cal Bb5a6,Ba6a7][%mdl 32] White is clearly winning.} Bc5 {[#]} 32. a7 $1 {[%mdl 512]} Ra8 (32... Bxa7 33. Rb7) 33. Nc7 $1 {[%csl LRa8,LRe6][%mdl 64] Double Attack} Qf6 34. Nxa8 {And now Nb6! would win.} Nxf3+ 35. Kg2 {[%cal Bg1g2,Bg2h3,Bh3h2][%mdl 32]} Nh4+ 36. Kh3 Qf4 37. Rb8+ Kh7 38. Ng2 Nxg2 39. Bxf4 Nxf4+ 40. Kh2 {Accuracy: White = 73%, Black = 51%.} 1-0

[Event "XXXII Belgrade Trophy 2018"]
[Site "Belgrade"]
[Date "2018.11.24"]
[Round "1"]
[White "Antic, Dejan"]
[Black "Otasevic, Djuro"]
[Result "1-0"]
[WhiteElo "2462"]
[BlackElo "1992"]
[Annotator "TA"]
[PlyCount "85"]
[EventDate "2018.11.24"]
[EventType "swiss"]
[EventCountry "SRB"]
[SourceTitle "playchess.com"]
[Source "ChessBase"]
[SourceQuality "1"]

{[%evp 9,85,12,22,-21,-10,-15,33,37,44,0,11,0,7,0,0,0,1,0,0,-15,0,-2,0,-15,0,0,127,20,98,44,159,132,137,101,104,107,110,100,111,110,99,91,87,76,76,82,82,92,160,124,123,117,115,60,41,37,68,88,130,130,130,125,137,127,156,137,239,239,225,154,233,233,233,232,224,223,951,933]} 1. d4 d5 2. c4 e6 3. g3 Nf6 4. Bg2 Be7 5. Nf3 dxc4 6. Na3 {E05: Open Catalan: 5 Nf3 Be7} (6. Qa4+ Nbd7 7. Qxc4 a6 8. Qc2 O-O 9. O-O c5 10. Rd1 Nd5 11. Nc3 Nxc3 12. Qxc3 Nf6 13. Qc2 cxd4 14. Nxd4 Qe8 15. Bd2 Nd5 16. Nf5 exf5 17. Bxd5 Qb5 {½-½ (84) Lenderman,A (2573)-Vidit,S (2673) chess.com INT 2017}) 6... Bxa3 7. Qa4+ Nbd7 $146 (7... Bd7 {is interesting.} 8. Qxa3 Bc6 9. O-O a5 10. Qc3 Bd5) ({Predecessor:} 7... b5 8. Qxa3 Bb7 9. b3 cxb3 10. axb3 Qd6 11. Bd2 Qxa3 12. Rxa3 O-O 13. O-O Nbd7 {½-½ (46) Berestnev,V (2346)-Velikanov,I (2315) Kolomna 2012}) 8. Qxa3 {White is slightly better.} Nb6 9. Bd2 {[%mdl 1024] White has compensation.} Ne4 10. Ba5 Nd6 11. O-O O-O 12. Rac1 Bd7 13. Ne5 f6 {White should prevent ...Nb5.} 14. Nxd7 Qxd7 15. Rfd1 c6 16. e4 Nb5 17. Qe3 Na4 {[#]} (17... Rfd8 $11 {keeps the balance.}) 18. Rd2 ({Better is} 18. b3 $1 $16 {[%cal Rb3a4]} Nb2 19. Rd2) 18... b6 (18... Nb6 $11 {remains equal.}) 19. Bb4 (19. Rxc4 $16 {aiming for Bb4.} bxa5 20. Rxa4) 19... Rfd8 (19... c3 $1 $14 20. Bxc3 (20. bxc3 Rfd8 $11) 20... Naxc3 21. bxc3 Nd6) 20. Rxc4 $16 {Strongly threatening e5.} a5 21. Ba3 Nxa3 22. Qxa3 b5 23. Rcc2 Nb6 {With the idea ...Nc4.} 24. b3 a4 25. Qc5 axb3 26. axb3 Ra1+ 27. Bf1 Nc8 28. Qxc6 Nd6 (28... Qxc6 $142 29. Rxc6 Nd6) 29. Qxd7 Rxd7 30. f3 Rb1 31. Kf2 (31. Rb2 $16 Rxb2 32. Rxb2) 31... Rxb3 $14 32. Rc6 Kf7 33. Bh3 $36 {[%mdl 2048] White is on the roll.} f5 34. d5 e5 35. Bxf5 ({Stronger than} 35. exf5 e4 $15) 35... Nxf5 36. exf5 $16 {[%mdl 4096] Endgame KRR-KRR} b4 37. Rb6 Ra3 (37... Rb1 $16 {is a better defense.} 38. g4 g6 39. fxg6+ hxg6) 38. Rxb4 $18 Ra5 39. d6 Ra6 (39... Kf6 $16 40. g4 Ra6) 40. Rb5 Kf6 41. Rbd5 Kxf5 42. f4 $1 Raxd6 $2 {[#]} (42... Ke6 43. fxe5 Ra4) 43. Rxd6 {Accuracy: White = 49%, Black = 45%.} 1-0

[Event "XXXII Belgrade Trophy 2018"]
[Site "Belgrade"]
[Date "2018.11.24"]
[Round "1"]
[White "Djordjevic, Vuk"]
[Black "Vardakas, Stefanos"]
[Result "1/2-1/2"]
[WhiteElo "2414"]
[BlackElo "1986"]
[Annotator "TA"]
[PlyCount "121"]
[EventDate "2018.11.24"]
[EventType "swiss"]
[EventCountry "SRB"]
[SourceTitle "playchess.com"]
[Source "ChessBase"]
[SourceQuality "1"]

{[%evp 9,121,18,28,26,28,15,29,16,29,27,29,37,35,31,74,48,52,50,55,58,48,48,48,25,51,47,48,44,56,33,46,43,60,47,28,56,52,20,137,150,93,0,59,0,0,0,77,54,262,222,89,0,0,0,0,0,0,-178,-12,0,0,-17,94,118,113,97,376,0,0,-179,-56,-241,-209,-231,-242,-236,-170,-169,-194,-386,-347,-503,-487,-446,-447,-1707,-1718,-1555,-1589,-735,-1512,-1342,-1230,-1117,-1092,-658,-995,-850,-793,-556,-8,-8,-8,-8,-8,-8,0,0,0,0,0,-8,-8,-8]} 1. d4 Nf6 2. Bg5 h6 3. Bxf6 exf6 4. e3 d5 5. c4 (5. g3 c6 6. Bg2 Be6 7. Ne2 Bd6 8. Nd2 Nd7 9. b3 h5 10. Nf4 h4 11. c4 hxg3 12. hxg3 Rxh1+ 13. Bxh1 Bxf4 14. gxf4 dxc4 15. bxc4 {½-½ (34) Langrock,H (2387)-Taylor,A (2231) Heraklion 2017}) 5... Bb4+ 6. Nc3 {A45: Trompowsky Attack} O-O 7. Qb3 Bxc3+ 8. bxc3 {White has an edge.} dxc4 9. Bxc4 Nc6 10. Bd3 Qd6 $146 ({Predecessor:} 10... Rb8 11. Ne2 Bg4 12. Nf4 {1-0 (21) Chvalovsky,K-Jelic,M IECG email 2002}) 11. Ne2 a5 12. a4 b6 13. O-O Ba6 14. Bxa6 Rxa6 15. e4 Raa8 16. f4 Rad8 17. Ng3 Ne7 18. Rad1 Qe6 19. c4 Qd6 20. Qc2 Qd7 21. Kh1 Nc6 22. d5 Nb4 23. Qb3 Na6 (23... Rfe8 $11) 24. Nf5 $1 $16 {Qg3 is the strong threat.} Kh7 (24... Nc5 $142 25. Qg3 g6) 25. Qg3 (25. Qh3 $1 $16 Nc5 26. e5 fxe5 27. fxe5) 25... Rg8 (25... g6 $11 26. Ne3 Nc5) 26. Ne3 (26. Qh3 $1 $14) 26... Nc5 27. e5 fxe5 (27... Qxa4 $11 {remains equal.} 28. Qh3 fxe5) 28. fxe5 Nxa4 $2 (28... Rdf8 $14) 29. Ng4 $18 Nc5 ({Black should try} 29... Qe7 $18 30. e6 Rgf8) 30. e6 (30. Rd4 $16) 30... fxe6 $11 31. Ne5 Qe8 32. Rf7 {aiming for Qg6+.} exd5 33. Qg6+ Kh8 34. Qf5 {Ng6+ would kill now.} Rd6 $1 {[%cal Rd6e6]} 35. cxd5 Rf6 (35... Qa4 $11 36. Rf1 Qe4 37. Rxc7 Qxf5 38. Rxf5 Kh7) 36. Rxf6 $16 gxf6 37. Qxf6+ {[%mdl 64] Double Attack} Kh7 $2 {[%mdl 8192]} (37... Rg7 $16) 38. Rf1 $2 (38. Qf5+ $18 Kh8 39. d6 (39. Nf7+ Kg7 $11)) 38... Qh5 $40 {[%mdl 128] Strongly threatening ...Ne4. Black attacks.} 39. h3 $2 {[#]} (39. Re1 $11) 39... Qg5 (39... Ne4 $1 $19 {[%cal Re4f6]} 40. Qe7+ Rg7) 40. g4 $2 ({White has to play} 40. Ng4 $15 h5 41. Ne3) 40... Qxf6 $19 41. Rxf6 {[%mdl 4096] Endgame KRN-KRN} a4 42. Nc4 Rg7 43. Rc6 Ne4 44. d6 $2 (44. Kg2 {was called for.}) 44... Nxd6 45. Nxd6 (45. Na3 $142) 45... cxd6 46. Rxb6 {KR-KR} Ra7 47. Rxd6 (47. Rb2 $142 a3 48. Ra2) 47... a3 48. Rd1 a2 49. Ra1 Kg6 (49... Ra3 $142 50. Kg2 Kg7) 50. h4 Kf7 51. Kg2 Ra3 52. Kf2 Ke6 (52... Ke7 $142 53. Kf1 Ke6) 53. Ke2 Ke5 54. Kd1 {[#]} Kf4 $2 {[#]} (54... Ra4 $1 $19 {[%cal Ra4g4]} 55. Kc2 Rxg4) 55. g5 $1 $11 {[%mdl 512] The position is equal.} h5 (55... hxg5 56. hxg5) 56. Kc2 Kf5 57. Kb2 Rh3 58. Rf1+ Kg6 59. Rf6+ Kg7 60. Kxa2 Rxh4 61. Rh6 {Accuracy: White = 46%, Black = 42%.} 1/2-1/2

[Event "XXXII Belgrade Trophy 2018"]
[Site "Belgrade"]
[Date "2018.11.24"]
[Round "1"]
[White "Lajthajm, Borko"]
[Black "Ugrcic, Zoran"]
[Result "1-0"]
[WhiteElo "2407"]
[BlackElo "1971"]
[Annotator "TA"]
[PlyCount "63"]
[EventDate "2018.11.24"]
[EventType "swiss"]
[EventCountry "SRB"]
[SourceTitle "playchess.com"]
[Source "ChessBase"]
[SourceQuality "1"]

{[%evp 12,63,62,37,35,22,58,8,0,-16,-12,-47,-29,-33,-40,-37,157,134,135,135,363,365,362,334,358,316,448,461,462,467,487,487,485,470,564,510,573,559,565,575,633,632,641,643,642,612,730,747,737,747,736,722,688,681]} 1. d4 f5 2. Bg5 c6 3. Nc3 d5 4. e3 g6 5. h4 {[%cal Bh2h4,Bh4h5][%mdl 32]} Bg7 6. Bd3 Be6 {A80: Dutch Defence: Unusual White second moves} 7. Nge2 {LiveBook: 4 Games} Nd7 8. h5 {Threatening g4!} Bf7 {The position is equal.} 9. Ng3 $146 ({Predecessor:} 9. hxg6 hxg6 10. Rxh8 Bxh8 11. Qd2 Ngf6 12. f3 {1-0 (33) Ponomariov,R (2744)-Bartel,M (2617) Warsaw 2010}) 9... Qc7 10. f4 O-O-O 11. a4 {[%cal Ba2a4,Ba4a5,Ba5a6][%mdl 32]} Ngf6 12. a5 Ng4 13. Qf3 Ndf6 $2 (13... Be6 $15 {keeps the upper hand.}) 14. h6 $36 {[%mdl 2048] White has strong initiative.} Bf8 {[#]} 15. Nxf5 $1 {[%mdl 512]} e6 $2 (15... Rg8 $16 {was called for.} 16. a6 b6) (15... gxf5 16. Bxf5+) 16. Ng3 $18 Bb4 17. a6 b6 18. Kd1 Bxc3 (18... Be8 $142 19. Rh4 {[%mdl 64] Trapped Piece} Be7 20. Rxg4 Nxg4) 19. bxc3 {White is clearly winning.} Rhf8 20. Rh4 Rde8 21. Rxg4 Nxg4 22. Qxg4 c5 23. Kd2 c4 24. Be2 Bg8 25. Qh4 Kb8 26. Bf6 Ka8 27. Bf3 Qc6 28. Nf1 {[%cal Bg3f1,Bf1h2,Bh2g4][%mdl 32]} Qb5 29. Bg7 Rf7 30. Nh2 Qb2 31. Qe1 Qb5 32. Ng4 {Accuracy: White = 75%, Black = 34%.} 1-0

[Event "XXXII Belgrade Trophy 2018"]
[Site "Belgrade"]
[Date "2018.11.24"]
[Round "1"]
[White "Abramovic, Bosko"]
[Black "Djordjevic, Zoran To"]
[Result "1-0"]
[WhiteElo "2372"]
[BlackElo "1956"]
[Annotator "TA"]
[PlyCount "133"]
[EventDate "2018.11.24"]
[EventType "swiss"]
[EventCountry "SRB"]
[SourceTitle "playchess.com"]
[Source "ChessBase"]
[SourceQuality "1"]

{[%evp 21,133,4,13,3,56,46,46,41,50,48,52,45,40,31,61,42,45,41,58,38,61,66,68,58,73,66,104,104,97,97,131,81,94,81,89,104,104,104,104,104,104,70,70,70,70,70,70,70,70,70,70,70,70,70,70,70,70,70,70,70,70,70,70,70,70,70,70,70,70,70,70,70,70,70,88,88,88,88,89,100,645,633,604,564,580,572,523,515,512,512,2847,1252,1211,1101,29976,2566,2008,1331,1579,0,804,0,29976,29977,29986,29987,29994,29995,29995,29996,29996,29997,29997,29998]} 1. d4 e6 2. g3 d5 3. Bg2 f5 4. Nf3 Nf6 5. O-O Bd6 6. c4 c6 7. b3 Qe7 8. Bb2 O-O 9. Qc1 Ne4 10. Ba3 Nd7 11. Bxd6 Qxd6 12. Qa3 {A90: Dutch Defence: Miscellaneous and Modern Stonewall (with ...Bd6)} (12. Nbd2 b6 13. Qb2 Bb7 14. Rac1 Rac8 15. Rfd1 Rfd8 16. e3 Qe7 17. Ne1 Ba8 18. Nd3 Qd6 19. b4 Qe7 {0-1 (67) Ivanchuk,V (2711)-Radjabov,T (2610) Moscow 2002}) 12... Ndf6 (12... dxc4 $11 13. Qxd6 Nxd6) 13. Qxd6 Nxd6 14. Nbd2 {White is slightly better.} Bd7 $146 {[%cal Bc8d7,Bd7e8,Be8h5][%mdl 32]} ({Predecessor:} 14... Nfe4 15. Nxe4 fxe4 16. Ne5 Nf7 17. Nxf7 Rxf7 18. e3 Bd7 19. c5 Re8 {½-½ (19) Vargas Drechsler,C (1864)-Mas Recorda,P (2026) Barcelona 2016}) 15. Rac1 Be8 16. Ne5 Bh5 17. Rfe1 Rad8 18. e3 Nd7 19. Nd3 g5 20. f3 {[%cal Bf2f3,Bf3f4][%mdl 32]} Bg6 21. c5 Ne8 22. f4 g4 23. b4 Nc7 24. Nb3 Rb8 25. Na5 Be8 26. a4 a6 27. Rb1 Kg7 28. Kf2 Rh8 29. Rh1 Nf8 30. h3 h5 31. hxg4 (31. Ne5 {looks sharper.} Nd7 32. Bf1 gxh3 33. Rxh3 Nf6 34. Bd3) 31... hxg4 32. Rxh8 Kxh8 33. Ne5 Kg7 34. Bf1 Ng6 35. Bd3 (35. Be2 {with more complications.} Nf8 36. Nb3 Nd7 37. Bd3 Nf6 38. Nd2) 35... Nxe5 36. dxe5 Bd7 $1 37. Nb3 Rh8 38. Kg2 Kf7 39. Nd4 Ra8 40. Rh1 Kg6 41. Kf2 Kg7 42. Nb3 Rh8 43. Rxh8 Kxh8 $14 {[%mdl 4096] Endgame KBN-KBN} 44. Na5 Bc8 45. Ke2 Kg8 46. Kd2 Kf8 47. Kc3 Ke8 48. b5 axb5 49. axb5 Kd7 50. Kb4 Ne8 $2 {[%mdl 8192] [#]} (50... cxb5 $16 51. Nb3 Na6+ 52. Ka5 (52. Kxb5 Kc7 $11) 52... Kc7) 51. bxc6+ $1 $18 Kc7 52. cxb7 Bxb7 53. Nb3 Ng7 54. Nd4 Bc8 55. Bb5 Bb7 (55... Nh5 $142 56. Ne2 Ng7) 56. c6 Bc8 57. Kc5 Nh5 58. Ne2 (58. Ba4 $142 Ba6 59. Nxe6+ Kc8 60. Kxd5 Nxg3 61. Nc5 Ne4 62. Nxa6 g3 63. c7 Nc3+ 64. Kd6 Ne4+ 65. Ke7) 58... Ng7 59. Bd3 Nh5 60. Bb5 Ng7 61. Nd4 (61. Ba4 $18 Ne8 62. Nd4) 61... Nh5 62. Ba4 {White mates.} Nxg3 63. Nb5+ Kb8 64. Kb6 Ne4 65. c7+ Ka8 66. Nd6 Nxd6 67. exd6 {Accuracy: White = 87%, Black = 54%.} 1-0

[Event "XXXII Belgrade Trophy 2018"]
[Site "Belgrade"]
[Date "2018.11.24"]
[Round "1"]
[White "Xilogiannis, Dimitrios"]
[Black "Kadric, Denis"]
[Result "0-1"]
[WhiteElo "2011"]
[BlackElo "2554"]
[Annotator "RC"]
[PlyCount "124"]
[EventDate "2018.11.24"]
[EventType "swiss"]
[EventCountry "SRB"]
[SourceTitle "playchess.com"]
[Source "ChessBase"]
[SourceQuality "1"]
[TimeControl "40/5400+30:900+30"]

1. d4 {[%emt 0:00:00]} g6 {[%emt 0:00:00]} 2. e4 {[%emt 0:00:30]} Bg7 {[%emt 0:00:00]} 3. Nc3 {[%emt 0:00:23]} a6 {[%emt 0:00:00]} 4. a4 {[%emt 0:02:15]} d6 {[%emt 0:00:00]} 5. Be3 {[%emt 0:01:08]} Nf6 {[%emt 0:00:24]} 6. f3 {[%emt 0:01:14]} O-O {[%emt 0:00:04]} 7. Qd2 {[%emt 0:02:17]} Nc6 {[%emt 0:00:37]} 8. Bc4 {[%emt 0:05:47]} e5 {[%emt 0:04:16]} 9. Nge2 {[%emt 0:02:40]} exd4 {[%emt 0:00:34]} 10. Nxd4 {[%emt 0:00:16]} Ne5 {[%emt 0:00:01]} 11. Bb3 {[%emt 0:03:53]} c5 {[%emt 0:12:47]} 12. Nde2 {[%emt 0:01:29]} Be6 {[%emt 0:01:00]} 13. Nd5 {[%emt 0:14:07]} c4 {[%emt 0:02:32]} 14. Nxf6+ {[%emt 0:02:27]} Bxf6 {[%emt 0:02:34]} 15. Ba2 {[%emt 0:01:43]} d5 {[%emt 0:02:52]} 16. exd5 {[%emt 0:01:59]} Bxd5 {[%emt 0:00:56]} 17. O-O {[%emt 0:02:33]} Bc6 {[%emt 0:00:41]} 18. a5 {[%emt 0:07:43]} Re8 {[%emt 0:05:16]} 19. Nd4 {[%emt 0:07:14]} Qc7 {[%emt 0:00:04]} 20. Qf2 {[%emt 0:10:04]} Bd5 {[%emt 0:01:16]} 21. Rfd1 {[%emt 0:05:19]} Nd7 {[%emt 0:08:42]} 22. Nf5 {[%emt 0:05:56]} Be6 {[%emt 0:02:41]} 23. Nh6+ {[%emt 0:10:10]} Kg7 {[%emt 0:00:26]} 24. Ng4 {[%emt 0:01:27]} Bxb2 {[%emt 0:09:20]} 25. Bd4+ {[%emt 0:00:28]} Bxd4 {[%emt 0:00:13]} 26. Qxd4+ {[%emt 0:00:02]} f6 {[%emt 0:10:57]} 27. Bxc4 {[%emt 0:01:50]} Bxg4 {[%emt 0:00:37]} 28. fxg4 {[%emt 0:00:58]} Ne5 {[%emt 0:00:11]} 29. Bb3 {[%emt 0:01:48]} Rad8 {[%emt 0:01:10]} 30. Qb4 {[%emt 0:03:16]} Re7 {[%emt 0:01:41]} 31. Rxd8 {[%emt 0:01:39]} Qxd8 {[%emt 0:00:03]} 32. Re1 {[%emt 0:01:18]} Nc6 {[%emt 0:05:39]} 33. Rxe7+ {[%emt 0:00:39]} Qxe7 {[%emt 0:00:03]} 34. Qd2 {[%emt 0:01:00]} Qc7 {[%emt 0:01:04]} 35. g5 {[%emt 0:00:40]} fxg5 {[%emt 0:00:07]} 36. Qxg5 {[%emt 0:00:45]} Qxa5 {[%emt 0:00:03]} 37. Qf4 {[%emt 0:00:41]} Qe1+ {[%emt 0:00:31]} 38. Qf1 {[%emt 0:00:05]} Qxf1+ {[%emt 0:00:06]} 39. Kxf1 {[%emt 0:00:04]} Nd4 {[%emt 0:01:02]} 40. Bd5 {[%emt 0:00:08]} b6 {[%emt 0:00:51]} 41. c3 {[%emt 0:15:20]} Nb5 {[%emt 0:15:16]} 42. Bc4 {[%emt 0:00:54]} Kf6 {[%emt 0:00:03]} 43. Kf2 {[%emt 0:00:54]} Ke5 {[%emt 0:00:03]} 44. Ke3 {[%emt 0:00:43]} Nc7 {[%emt 0:00:24]} 45. g3 {[%emt 0:00:00]} a5 {[%emt 0:00:00]} 46. Kd3 {[%emt 0:00:00]} Nd5 {[%emt 0:00:00]} 47. Bb5 {[%emt 0:00:00]} Nf6 {[%emt 0:00:00]} 48. Bc6 {[%emt 0:00:00]} Kd6 {[%emt 0:00:00]} 49. Bf3 {[%emt 0:00:00]} Kc5 {[%emt 0:00:00]} 50. h4 {[%emt 0:00:00]} b5 {[%emt 0:00:00]} 51. g4 {[%emt 0:00:00]} Nd7 {[%emt 0:00:00]} 52. Be2 {[%emt 0:00:00]} Ne5+ {[%emt 0:00:00]} 53. Kc2 {[%emt 0:00:00]} a4 {[%emt 0:00:00]} 54. g5 {[%emt 0:00:00]} Nf7 {[%emt 0:00:00]} 55. Bd3 {[%emt 0:00:00]} Nd6 {[%emt 0:00:00]} 56. h5 {[%emt 0:00:00]} gxh5 {[%emt 0:00:00]} 57. Bxh7 {[%emt 0:00:00]} Kd5 {[%emt 0:00:00]} 58. Bd3 {[%emt 0:00:00]} h4 {[%emt 0:00:00]} 59. Kb2 {[%emt 0:03:53]} h3 {[%emt 0:00:22]} 60. Bf1 {[%emt 0:00:29]} h2 {[%emt 0:00:01]} 61. Bg2+ {[%emt 0:00:06]} Ke5 {[%emt 0:00:05]} 62. Ka3 {[%emt 0:00:50]} Kf5 {[%emt 0:00:07]} 0-1

[Event "XXXII Belgrade Trophy 2018"]
[Site "Belgrade"]
[Date "2018.11.24"]
[Round "1"]
[White "Jevtic, Miroljub"]
[Black "Petrov, Marian"]
[Result "0-1"]
[WhiteElo "1999"]
[BlackElo "2488"]
[Annotator "TA"]
[PlyCount "100"]
[EventDate "2018.11.24"]
[EventType "swiss"]
[EventCountry "SRB"]
[SourceTitle "playchess.com"]
[Source "ChessBase"]
[SourceQuality "1"]

{[%evp 12,100,7,-20,0,0,10,-18,0,-28,0,-14,-9,-7,21,21,21,18,20,0,11,0,0,0,0,0,25,0,0,0,0,-12,14,0,0,-34,-34,-41,-35,-49,0,-39,0,-40,0,0,0,0,0,0,0,-56,0,-52,-36,-54,84,33,14,0,45,0,0,-229,-216,-520,-506,-642,-639,-643,-625,-691,-691,-682,-683,-676,-670,-889,-847,-929,-889,-1189,-1099,-1153,-1064,-1560,-1479,-2665,-2696,-2299,-2098]} 1. d4 g6 2. Nf3 Bg7 3. c3 Nf6 4. Bf4 O-O 5. h3 d6 6. Nbd2 Nc6 {A48: 1 d4 Nf6 2 Nf3 g6: Torre, London and Colle Systems} (6... Nbd7 7. Bh2 b6 8. e4 e5 9. Bd3 Bb7 10. O-O Nh5 11. Re1 Bh6 12. Nc4 {½-½ (12) Berkes,F (2645)-Vovk,A (2641) Hungary 2017}) 7. e4 {LiveBook: 5 Games} Nd7 8. Bb5 e5 {The position is equal.} 9. Bg5 $146 ({Predecessor:} 9. Bxc6 bxc6 10. Bg5 Qe8 11. O-O h6 12. Bh4 f5 13. exf5 gxf5 14. Re1 {1-0 (53) Valkovic,V (1832)-Okrugic,T (1915) Croatia 2016}) 9... f6 10. Be3 a6 11. Bxc6 (11. Bc4+ {is interesting.} Kh8 12. O-O Qe8 13. dxe5 Ndxe5 14. Bd5) 11... bxc6 12. Qa4 Rb8 13. dxe5 Nxe5 14. Nxe5 fxe5 15. Rb1 c5 16. O-O Bd7 17. Qc4+ Kh8 18. a4 Qc8 19. b3 Be6 20. Qe2 a5 21. c4 Qd8 22. f3 Qh4 23. Kh2 Bh6 24. Bxh6 Qxh6 25. Rbe1 Rf4 26. Rf2 Rh4 {[%cal Re6h3] [#] And now ...Bxh3! would win.} 27. Kg1 (27. Qd3 {feels hotter.} Kg7 28. Qc3 Ra8 29. Kh1 Qg5 30. Nf1) 27... Rf4 28. Qe3 {Threatens to win with g3.} g5 29. Kf1 Rf7 30. Kg1 Qh4 31. Rfe2 (31. Ree2 $11) 31... Rg7 (31... h5 $15) 32. Qf2 (32. Nf1 $11) 32... Qf4 33. Qe3 c6 (33... h5 $15 {stays ahead.}) 34. Qf2 ({Better is} 34. Qd3 $16 Rd7 35. Nf1) 34... h5 $14 35. Qe3 Qf6 36. Kf2 g4 37. Rh1 $2 {[#]} (37. hxg4 $11 Rxg4 38. Rh1) 37... gxh3 $1 $19 38. g3 $2 (38. Kf1 {was the crucial defense.}) 38... Rbg8 {Black is clearly winning.} 39. Ke1 Rxg3 40. Kd1 Qg5 41. Nf1 Qxe3 42. Rxe3 Rg1 43. Rxg1 Rxg1 {[%mdl 4096] Endgame KRB-KRN} 44. Re1 Kg7 45. Nh2 Rg2 46. Re2 Kf6 47. Ke1 d5 48. cxd5 cxd5 {[%cal Bc6d5,Bd5d4][%mdl 32]} 49. Rxg2 hxg2 50. Kf2 d4 {Accuracy: White = 25%, Black = 43%.} 0-1